| 000 | 01007nam a22002897a 4500 | ||
|---|---|---|---|
| 001 | BR8501968 | ||
| 003 | BR-BrBNA | ||
| 005 | 20230928092136.0 | ||
| 007 | ta | ||
| 008 | 230509b bl.||||| |||| 00| 0 por d | ||
| 040 |
_aBR-BrBNA _bpor _cBiblioteca Nacional de Agricultura |
||
| 041 | _a(Por) | ||
| 072 |
_aL70; L73 _b6100 _b4150 |
||
| 090 | _ 6100 BR8501968 | ||
| 100 | 1 | _aMont'Alverne Neto, R. de | |
| 110 | 1 |
_aUniversidade Federal de Minas Gerais, Belo Horizonte (Brasil). Escola de Veterinaria _0Tese (Mestrado) |
|
| 245 | 1 | _aAvaliacao da resposta imune de diferentes linhagens geneticas de frangos de corte as vacinacoes contra bronquite infecciosa, doenca de Newcastle e inoculacao de eritrocitos de carneiro | |
| 260 | 3 |
_aBelo Horizonte, MG (Brasil): _c1985. |
|
| 300 | _a62 p. | ||
| 500 | _a42 ref.; Summary (Por); 20 tables | ||
| 650 | _aFRANGO DE CORTE | ||
| 650 | _aNEWCASTLE | ||
| 650 | _aANTICORPO | ||
| 650 | _aBRONQUITE | ||
| 909 |
_a202309 _bLucia _c55 _dLucia Elande |
||
| 942 | _cBK | ||
| 999 |
_c37353 _d37353 |
||